<?xml version="1.0" encoding="UTF-8"?>
<collection xmlns="http://www.loc.gov/MARC21/slim">
 <record>
  <leader>01289nam a2200313   4500</leader>
  <controlfield tag="001">000011735</controlfield>
  <controlfield tag="003">8006</controlfield>
  <controlfield tag="005">20120208160200.0</controlfield>
  <controlfield tag="008">120208s2011                        viesd</controlfield>
  <datafield tag="041" ind1=" " ind2=" ">
   <subfield code="a">vie</subfield>
  </datafield>
  <datafield tag="072" ind1=" " ind2=" ">
   <subfield code="a">Luận văn thạc sĩ</subfield>
  </datafield>
  <datafield tag="082" ind1=" " ind2=" ">
   <subfield code="a">661</subfield>
   <subfield code="b">CH-D</subfield>
  </datafield>
  <datafield tag="100" ind1=" " ind2=" ">
   <subfield code="a">Châu, Thị Diễm</subfield>
  </datafield>
  <datafield tag="245" ind1=" " ind2=" ">
   <subfield code="a">Nghiên cứu chiết tách Tanin từ vỏ cây Keo Lai và thử nghiệm ảnh hưởng đến chất lượng da</subfield>
   <subfield code="c">Châu, Thị Diễm</subfield>
  </datafield>
  <datafield tag="260" ind1=" " ind2=" ">
   <subfield code="a">Đại học Đà Nẵng</subfield>
   <subfield code="c">2011</subfield>
  </datafield>
  <datafield tag="300" ind1=" " ind2=" ">
   <subfield code="a">76 tr.</subfield>
   <subfield code="b">hình mhọa</subfield>
   <subfield code="c">29 cm</subfield>
   <subfield code="e">tóm tăt + đĩa CD</subfield>
  </datafield>
  <datafield tag="490" ind1=" " ind2=" ">
   <subfield code="a">Luận văn thạc sĩ. Chuyên ngành : Hóa hữu cơ</subfield>
  </datafield>
  <datafield tag="500" ind1=" " ind2=" ">
   <subfield code="a">Tham khảo tr 75 - 76</subfield>
  </datafield>
  <datafield tag="520" ind1=" " ind2=" ">
   <subfield code="a">Tổng quan về tanin: khái niệm, phân loại, tính chất, ứng dụng, tình hình nghiên cứu hiện nay. Tổng qua về cây keo lai. Tổng quan lý thuyết thuộc da.Nguyên liệu và phương pháp nghiên cứu: Kết quả và thảo luận</subfield>
  </datafield>
  <datafield tag="653" ind1=" " ind2=" ">
   <subfield code="a">Luận văn thạc sĩ Khoa học</subfield>
  </datafield>
  <datafield tag="700" ind1=" " ind2=" ">
   <subfield code="a">Lê, Tự Hải</subfield>
   <subfield code="c">PGS.TS</subfield>
   <subfield code="e">Hướng dẫn</subfield>
  </datafield>
  <datafield tag="OWN" ind1=" " ind2=" ">
   <subfield code="a">LSP</subfield>
  </datafield>
  <datafield tag="999" ind1=" " ind2=" ">
   <subfield code="a">From the UDN01</subfield>
  </datafield>
  <datafield tag="TYP" ind1=" " ind2=" ">
   <subfield code="a">Monograph</subfield>
  </datafield>
  <datafield tag="TYP" ind1=" " ind2=" ">
   <subfield code="a">Printed language</subfield>
  </datafield>
  <datafield tag="980" ind1=" " ind2=" ">
   <subfield code="a">Mạng thư viện Đại học Đà Nẵng</subfield>
  </datafield>
 </record>
</collection>
